[Event "NOR-chT Clubs"]
[Site "Drammen"]
[Date "2010.10.09"]
[Round "4"]
[White "Chikwati, Elvis"]
[Black "Bratsberg, Lars Ivar"]
[Result "1/2-1/2"]
[WhiteElo "1341"]
[BlackElo "1152"]
[PlyCount "49"]
[EventDate "2010.10.08"]
[EventType "team"]
[EventRounds "6"]
[EventCountry "NOR"]
[SourceTitle "EXT 2015"]
[Source "ChessBase"]
[SourceDate "2014.11.20"]
[SourceVersion "1"]
[SourceVersionDate "2014.11.20"]
[SourceQuality "1"]
[WhiteTeam "Akademisk II"]
[BlackTeam "Kristiansand"]
[WhiteTeamCountry "NOR"]
[BlackTeamCountry "NOR"]

1. d4 d5 2. e3 Nf6 3. Bd3 g6 4. Nf3 Bg7 5. b3 0-0 6. Bb2 Bd7 7. Nbd2 Nc6 8. a3 Re8 9. 0-0 Bg4 10. c4 e5 11. dxe5 Nxe5 12. Be2 Nxf3+ 13. Bxf3 Bxf3 14. Qxf3 Ne4 15. Nxe4 Bxb2 16. cxd5 Bxa1 17. Rxa1 Kg7 18. Rd1 Qe7 19. Rd4 Rad8 20. b4 b6 21. h3 Qe5 22. Ng3 f5 23. h4 Rd7 24. Ne2 Red8 25. Nf4 1/2-1/2

[Event "NOR-chT Clubs"]
[Site "Drammen"]
[Date "2010.10.08"]
[Round "1.32"]
[White "Zachariassen, Bjarne"]
[Black "Bratsberg, Lars Ivar"]
[Result "1-0"]
[WhiteElo "1944"]
[BlackElo "1152"]
[PlyCount "41"]
[EventDate "2010.10.08"]
[EventType "team"]
[EventRounds "6"]
[EventCountry "NOR"]
[SourceTitle "EXT 2015"]
[Source "ChessBase"]
[SourceDate "2014.11.20"]
[SourceVersion "1"]
[SourceVersionDate "2014.11.20"]
[SourceQuality "1"]
[WhiteTeam "SOSS"]
[BlackTeam "Kristiansand"]
[WhiteTeamCountry "NOR"]
[BlackTeamCountry "NOR"]

1. e4 e5 2. Nf3 Nc6 3. d4 exd4 4. Nxd4 g6 5. Bc4 Bg7 6. Nxc6 bxc6 7. 0-0 Ne7 8. Nd2 0-0 9. Bb3 d5 10. c3 Qd6 11. Re1 Be5 12. h3 Bh2+ 13. Kh1 Be5 14. Nf3 Bg7 15. Bg5 Re8 16. exd5 Bb7 17. dxc6 Qxd1 18. Raxd1 Nxc6 19. Rxe8+ Rxe8 20. Rd7 Nd8 21. Rxd8 1-0